000 00505nam a2200193Ia 4500
003 GCL
008 140319s9999 xx 000 0 eng d
040 _aGCL /
_cGCL
082 0 4 _a912.538
_bG S
100 1 _aGEO PROJECTS
245 1 0 _aSAUDI ARABIA: WITH CITY MAPS OF RIYADH, JEDDAH AND DAMMAM /
_cGEO PROJECTS
260 _a[S.N] :
_bGEO PROJECTS
650 0 4 _aMAPS
650 0 4 _aSAUDIA - MAPS
650 0 4 _aRIYADH - MAPS
650 0 4 _aJEDDAH - MAPS
650 0 4 _aDAMMAM - MAPS
942 _2ddc
_cBK
999 _c14946
_d14946